Chemistry in the Marine Environment

מידע ביבליוגרפי
מחברים אחרים: Hester R. E. Ronald (редактор), Harrison R. M. Roy
סיכום:The oceans cover more than 70% of the earth's surface to an'average depth of almost 4000 metres. It is therefore not surprising that exchanges that occur between ocean and atmosphere exert major influences on the global climate. In addition, there is great variety within the expanses of the ocean, including large temperature differences, and enormous biodiversity brought about by the great chemical diversity within the marine environment. Written by international experts in the field, Chemistry in the Marine Environment offers a multidisciplinary and authoritative review of this important topic. Included is a review of the opportunities and challenges in developing new pharmaceuticals from the sea and an examination of contamination and pollution in the marine environment, which is a cause of great concern world-wide. The international perspective of this book will engage the interest and attention of a wide readership, from chemical oceanographers to policymakers, from students in environmental science to those in oceanography programmes.
שפה:אנגלית
יצא לאור: Cambridge, RSC Publishing, 2000
סדרה:Issues in Environmental science and technology Vol. 13
נושאים:
פורמט: ספר
KOHA link:https://koha.lib.tpu.ru/cgi-bin/koha/opac-detail.pl?biblionumber=275009

MARC

LEADER 00000nam0a2200000 4500
001 275009
005 20231101234801.0
010 |a 0854042601 
035 |a (RuTPU)RU\TPU\book\298238 
035 |a RU\TPU\book\276870 
090 |a 275009 
100 |a 20141111d2000 k y0engy50 ba 
101 0 |a eng 
102 |a GB 
105 |a a z 001zy 
200 1 |a Chemistry in the Marine Environment  |f editors R. E. Hester , R. M. Harrison 
210 |a Cambridge  |c RSC Publishing  |d 2000 
215 |a 98 p.  |c il. 
225 1 |a Issues in Environmental science and technology  |v Vol. 13 
320 |a Subject Index: p. 93-98. 
330 |a The oceans cover more than 70% of the earth's surface to an'average depth of almost 4000 metres. It is therefore not surprising that exchanges that occur between ocean and atmosphere exert major influences on the global climate. In addition, there is great variety within the expanses of the ocean, including large temperature differences, and enormous biodiversity brought about by the great chemical diversity within the marine environment. Written by international experts in the field, Chemistry in the Marine Environment offers a multidisciplinary and authoritative review of this important topic. Included is a review of the opportunities and challenges in developing new pharmaceuticals from the sea and an examination of contamination and pollution in the marine environment, which is a cause of great concern world-wide. The international perspective of this book will engage the interest and attention of a wide readership, from chemical oceanographers to policymakers, from students in environmental science to those in oceanography programmes. 
606 1 |a Моря  |x Гидрохимия  |2 stltpush  |3 (RuTPU)RU\TPU\subj\44436  |9 63760 
606 1 |a Гидросфера  |x Экология  |2 stltpush  |3 (RuTPU)RU\TPU\subj\73099  |9 86307 
610 1 |a океаны 
610 1 |a гидрология 
610 1 |a гидрохимические процессы 
610 1 |a температура 
610 1 |a биоразнообразие 
610 1 |a загрязнение 
610 1 |a глобальные проблемы 
610 1 |a английский язык 
610 1 |a радионуклиды 
610 1 |a океанография 
610 1 |a морская фармакология 
610 1 |a охрана 
610 1 |a защита 
675 |a 551.464  |v 3 
675 |a 504.4  |v 3 
702 1 |a Hester  |b R. E.  |g Ronald  |4 340 
702 1 |a Harrison  |b R. M.  |g Roy  |4 340 
801 1 |a RU  |b 63413507  |c 20140320 
801 2 |a RU  |b 63413507  |c 20160225  |g RCR 
942 |c BK 
959 |a 44/20140311  |d 1  |e 0  |f ЧЗИЛ:1